000 00420nam a22001817a 4500
003 OSt
005 20171206110339.0
008 171206b xxu||||| |||| 00| 0 eng d
020 _a856330132
040 _aLB-BrCRDP
082 _a301.24 N277c
100 _aMaurice Kogan
245 _aThe Challenge of Change
260 _aLondon
_bNfer
_c1972
300 _a110p
_c22cm
700 _aMargaret Pope
942 _2ddc
_cBK
999 _c18174
_d18174